| 000 | 00597nam a2200241 a 4500 | ||
|---|---|---|---|
| 001 | nice12345678 | ||
| 003 | IN_TiNIC | ||
| 005 | 20260116013317.0 | ||
| 008 | 050524s1999 dela grp 000 0 eng | ||
| 020 |
_a8174958 _c60 |
||
| 082 | 0 | 0 |
_a248.24 _bRAJ1 |
| 100 | _aRaju, M P | ||
| 245 |
_aReligious Conversion _b Legal Implications |
||
| 260 |
_aDelhi _bMedia House _c1999 |
||
| 300 | _a175p | ||
| 500 | _aincludes index and biblioraphy | ||
| 505 | 2 | _aBibliography | |
| 650 | _aConversion-Religious | ||
| 700 | 1 | _aRaju, M P | |
| 902 | _bSRS | ||
| 942 | _cBK | ||
| 999 |
_c10505 _d10505 |
||